00942cam a2200265 a 45000010008000000030005000080050017000130080041000300100017000710200031000880380012001190400018001310430012001490500021001610820020001821000023002022450099002252600090003243000028004144400052004425040028004946500045005226500039005677100070006061861996NUST20190926113213.0830531s1982 dcua b 000 0 eng  a 82051209  a030903454X (pbk.) :c$6.80 aMSOHAIL aDLCcDLCdDLC an-us---00aHE203b.E52 198200a333.77209732191 aEngelen, Rodney E.10aCoordination of transportation system management and land use management /cRodney E. Engelen. aWashington, D.C. :bTransportation Research Board, National Research Council,c[1982] a38 p. :bill. ;c28 cm. 0aSynthesis of highway practice,x0547-5570 ;v93 aBibliography: p. 37-38. 0aTransportationzUnited StatesxPlanning. 0aLand usezUnited StatesxPlanning.2 aNational Research Council (U.S.).bTransportation Research Board.